000 02022nam a2200385 i 4500
001 768714001
003 CO-MdFUSB
005 20240723151116.0
007 ta
008 240723t2018 -usa|||| |||| 00| 0 eng d
020 _a978-1718698758
040 _bspa.
_aCO-MdFUSB
_cCO-MdFUSB
_dCO-MdFUSBC
_erda
041 _aspa
082 _a224.9307
_223
_bM717
100 _aMolano, Héctor,
_eautor
245 1 3 _aTo teach SPR as a new reading of the book of Micah that encourages peace in Colombia :
_bcase studies in the reformed theological seminary and the suburb of Palmito
_c/ Héctor Molano
264 1 _aCharleston, Estados Unidos :
_bCreatespace Independent Publishing Platform
_c[2018]
264 4 _c©2018
300 _a219 páginas
_c; 28 cm
336 _2rdacontent
_atexto
_btxt
337 _2rdamedia
_asin mediación
_bn
338 _2rdacarrier
_avolumen
_bnc
505 _gCapítulo primero
_tColombia, la iglesia colombiana y la guerra
_gCapítulo segundo
_tSPR y el libro de Miqueas
_gCapítulo tercero
_tEnseñar lectura SPR
520 _aLas guerras y la violencia han afligido a Colombia desde hace años. Algunos estudiosos afirman que el país ha estado en conflicto desde 1962. Una serie de guerras y luchas de poder, impulsadas por los partidos políticos, marcaron el comienzo del desarrollo del país. La religión fue fundamental en la formación del país y, a menudo, todas las partes involucradas en muchos conflictos la utilizaron como arma. Colombia es una nación cristiana donde la mayoría de la población se considera religiosa y tiene ascendencia que va más allá de su fe católica.
563 _aRústico
630 0 7 _aBiblia.
_pMiqueas
_xCrítica, interpretación, etc.
650 7 _aReligión y cultura
_9388
650 0 _aPaz
_92052
650 7 _aHermenéutica bíblica
_2embne
_97333
650 0 _aJusticia social
_91851
653 _aEstudios de Caso Colombia
942 _cBK
945 _aCatherine Arias Álvarez - Practicante SENA
999 _c70566
_d70566